000 00776nam a2200253Ia 4500
003 OSt
005 20220928124641.0
006 a|||||r|||| 00| 0
007 ta
008 220927b |||||||| |||| 00| 0 eng d
020 _cUSD 119.95
024 _a140149
037 _b216, 28/02/2019, Classic Book Service
_cTextual
040 _aSDCL
_cSDCL
_beng
041 _2eng
_aeng
082 _aX:76:(B2891), Q9
100 _aPanik Michael J.
_9466622
245 0 _aLinear programming and resource allocation modeling
260 _aHoboken
_bWiley
_c2019
300 _axvi,432p.
_ccm.
650 _aOperational Research
942 _hX:76:(B2891), Q9
_cTEXL
_2CC
999 _c779463
_d779463